Fr. Conceicao Rodrigues College of Engineering

Design & analysis of experiments (Record no. 30402)

MARC details
000 -LEADER
fixed length control field 00293nam a2200133Ia 4500
100 ## - MAIN ENTRY--PERSONAL NAME
Personal name Montgomery/ Douglas/ C.
245 ## - TITLE STATEMENT
Title Design & analysis of experiments
260 ## - PUBLICATION, DISTRIBUTION, ETC.
Name of publisher, distributor, etc. John wiley
Place of publication, distribution, etc. Singapore
Date of publication, distribution, etc. 1991
300 ## - PHYSICAL DESCRIPTION
Extent 649
546 ## - LANGUAGE NOTE
Language note ENGLISH
654 ## - SUBJECT ADDED ENTRY--FACETED TOPICAL TERMS
Focus term design
942 ## - ADDED ENTRY ELEMENTS (KOHA)
Koha item type BOOK
Holdings
Withdrawn status Lost status Damaged status Not for loan Collection Home library Current library Date acquired Source of acquisition Cost, normal purchase price Inventory number Total Checkouts Full call number Barcode Date due Date last seen Date last checked out Cost, replacement price Price effective from Koha item type
        CRC Fr. Agnel's C.Rodrigues College of Engineering Fr. Agnel's C.Rodrigues- College of Engineering 17/03/2023 Progressive Books 311.02 2059 dt 21.09.92 1 3866 06/11/2014 12/06/2023 12/06/2023 311.02 21/09/1992 BOOK